02885nam a2200289 b 4500003000500000005001700005008004100022020002300063040001400086041001500100082001700115100002500132245010100157260003200258300004700290490001700337500025400354505131900608521001101927650013201938942003102070999001702101952009502118952012002213952014102333952012102474322820260430143034.0210816s9999 xx a 000 0 und d a9780753417041qpbk aRDAc3228 2EaEnglish aJ 333.7 CALL aCALLERY, SEAN 93103 0aI wonder why there's a hole in the sky and other questions about the environment /cSean Callery aLondon:bKingfisher;c2008. a32 Pages :bcolour illustrations ;c28 cm. aI wonder why aThe perfect introduction to the environment, featuring melting ice caps, the ozone hole, solar power and much more. Clear, lively text answers all those tricky questions about how the world works, while friendly, funny cartoons add interest.--Cover. aWhy is there life on earth? -- How can a star keep us warm -- What is the weather? -- Which blanket keeps Earth warm? -- How is the atmosphere like a greenhouse? -- What are the green house gases? -- Why are trees like the "bee's knees"? -- How does water cycle? -- Why can't we chop until we drop? -- What makes gas? -- Why is farming such a gas? -- What's that smell? -- Is it me, or is it hot here? -- Is this a wind-up? -- Has our climate always changed? -- Are we up to our necks in floods? -- What's wrong with parking lots? -- Who turned off the rain? -- Why are the poles hot stuff? -- Why is ice so cool? -- When is a river not a river? -- Why is there a hole in the sky? -- Is the hole in the sky always there? -- How can water be bad for you? -- When is oil like glue? -- What air makes you choke? -- Why are some animals on the move? -- Who needs a place to call home? -- Who is a tiger's worst enemy? -- What energy never runs out? -- How can the sun light up our nights? -- How is wind farmed? -- Why say bye to flying? -- What are food miles? -- Why all the fuss about taking a bus? -- Why is garbage such a waste? -- What are the three Rs? -- When is a worm my friend? -- How can I have a greener house? -- When is "off" not "off"? -- Why are some light bulbs greedy? -- How else can I save energy? aJunior vClimatic changes x Illustrated worksxJuvenile works xPollution x Environmental degradation xEndangered species 9195735 cBK2ddcy165zLerato Kwadi c65382d65381 00104070aTHUSLbTHUSLd2021-08-17g270.00l0p3322830158659r2021-08-17w2021-08-17yBK 00102ddc4070aLYDELbLYDBLcNon_Fictiond2024-06-11l0oJ 333.7 CALLp33228031105639r2024-06-11w2024-06-11yBK 00102ddc40708300aSTANLbSTANLcNon_Fictiond2025-07-22g179.00l0oJ 333.7 CALLp33228031000722r2025-07-22v179.00w2025-07-22yBK 00102ddc40708FaVOLKLbVOLKLcFICd2026-06-12g69.00l0oJ 333.7 CALLp3322810020259r2026-06-12w2026-06-12yBK